Statystyki dla Trzy najludniejsze i przeciwnie państwa, które mają na fladze podany kolor

Kliknij tutaj aby rozwiązać quiz!

Ogólne statystyki

  • Ten quiz został rozwiązany 1 571 razy
  • Średni wynik to 18 z 36

Statystyki odpowiedzi

KoloryNaj państwa% Poprawnych
czerwonyChiny
96%
żółtyChiny
96%
Stany Zjednoczone
91%
Stany Zjednoczone
91%
niebieskiStany Zjednoczone
91%
Rosja
90%
zielonyIndie
85%
białyIndie
85%
Brazylia
79%
Brazylia
79%
Brazylia
79%
żółtyWatykan
71%
białyWatykan
71%
Niemcy
62%
Monako
59%
Indonezja
58%
Indonezja
58%
czarnyEgipt
45%
Liechtenstein
40%
Pakistan
39%
Nauru
28%
Nauru
28%
niebieskiNauru
28%
Tuvalu
27%
Tuvalu
27%
czerwonyTuvalu
27%
Tuvalu
27%
Palau
26%
Filipiny
20%
Dominika
19%
Dominika
19%
zielonySaint Kitts i Nevis
19%
czarnySaint Kitts i Nevis
19%
Antigua i Barbuda
16%
Saint Vincent i Grenadyny
16%
Tanzania
12%

Rozkład punktacji

Percentyl według liczby udzielonych odpowiedzi

Procent ludzi z każdym wynikiem

Twoja historia wyników

Nie rozwiązałeś tego quizu